| 000 | 02031cam a2200433 a 4500 | ||
|---|---|---|---|
| 999 |
_c328646 _d328646 |
||
| 001 | 15408316 | ||
| 003 | Nust | ||
| 005 | 20170412163742.0 | ||
| 008 | 080811s2008 nyu d 000 1 eng | ||
| 010 | _a 2008029892 | ||
| 020 | _a9780755346714 | ||
| 035 | _a(OCoLC)ocn225870401 | ||
| 040 |
_aDLC _cDLC _dIG# _dBTCTA _dBAKER _dJTE _dABG _dVP@ _dEHH _dDLC |
||
| 042 |
_alcac _alcac |
||
| 043 | _an-us-ny | ||
| 050 | 0 | 0 |
_aPZ7.V94 _bInf 2008 |
| 082 | 0 | 0 |
_a813.6 _bZIE |
| 100 | 1 | _aVon Ziegesar, Cecily. | |
| 245 | 1 | 0 |
_aInfamous : _ban It Girl novel / _ccreated by Cecily von Ziegesar. |
| 250 | _a1st ed. | ||
| 260 |
_aNew York : _bLittle, Brown and Co., _c2008. |
||
| 300 |
_a240 p. ; _c21 cm. |
||
| 500 | _a"Poppy." | ||
| 520 | _aDuring Thanksgiving break, Waverly students experience changes in their relationships with one another and with new acquaintances as most travel home, but Tinsley and Callie, still upset about Easy's expulsion, join Jennifer in New York City. | ||
| 521 | 1 | _a015 up. | |
| 650 | 0 |
_aInterpersonal relations _vJuvenile fiction. |
|
| 650 | 0 |
_aWealth _vJuvenile fiction. |
|
| 650 | 0 |
_aThanksgiving Day _vJuvenile fiction. |
|
| 650 | 1 |
_aInterpersonal relations _vFiction. |
|
| 650 | 1 |
_aDating (Social customs) _vFiction. |
|
| 650 | 1 |
_aWealth _vFiction. |
|
| 650 | 1 |
_aThanksgiving Day _vFiction. |
|
| 651 | 0 |
_aNew York (N.Y.) _vJuvenile fiction. |
|
| 651 | 1 |
_aNew York (N.Y.) _vFiction. |
|
| 856 | 4 | 2 |
_3Contributor biographical information _uhttp://www.loc.gov/catdir/enhancements/fy0838/2008029892-b.html |
| 856 | 4 | 2 |
_3Publisher description _uhttp://www.loc.gov/catdir/enhancements/fy0838/2008029892-d.html |
| 906 |
_a7 _bcbc _corignew _d1 _eecip _f20 _gy-gencatlg |
||
| 942 |
_2ddc _cBK |
||